[Event "Helsingor Xtracon op"]
[Site "Helsingor"]
[Date "2016.07.26"]
[Round "5"]
[White "Rasmussen, Bjarne Berring"]
[Black "Tjora, Alexander"]
[Result "1/2-1/2"]
[WhiteElo "1634"]
[BlackElo "1411"]
[PlyCount "80"]
[EventDate "2016.07.23"]
[EventType "swiss"]
[EventRounds "10"]
[EventCountry "DEN"]
[SourceTitle "CBM 173 Extra"]
[Source "ChessBase"]
[SourceDate "2016.08.29"]
[SourceVersion "1"]
[SourceVersionDate "2016.08.29"]
[SourceQuality "1"]

1. d4 Nf6 2. c4 g6 3. Nc3 Bg7 4. Nf3 0-0 5. g3 d5 6. cxd5 Nxd5 7. e4 Nxc3 8. bxc3 c5 9. Bg2 Nc6 10. Bb2 cxd4 11. cxd4 Qa5+ 12. Qd2 Qxd2+ 13. Kxd2 Rd8 14. Ke3 Bg4 15. Rad1 Bh6+ 16. Ke2 Bg7 17. e5 f6 18. h3 Bxf3+ 19. Bxf3 Rac8 20. Bg4 f5 21. Bf3 e6 22. Rd3 Na5 23. Rc3 Rxc3 24. Bxc3 Nc6 25. Bxc6 bxc6 26. Rb1 Rd7 27. Rb8+ Kf7 28. Rc8 h5 29. h4 Bf8 30. Rxc6 Be7 31. f4 Bd8 32. Kd3 Bb6 33. a4 Rd5 34. Rc4 Ke7 35. Bb4+ Kd7 36. Bc5 Bxc5 37. Rxc5 Rxc5 38. dxc5 Kc7 39. Kc3 Kc6 40. Kd4 Kc7 1/2-1/2